000
00216 a2200097 4500
001
52599
100
_a
Papouils A
245
_a
Circuits and Systems
260
_a
New York
_b
Holt Rinehart
_c
090
_c
33085
_d
33085
942
_a
NUST-CAE
_c
M
_c
25653
999
_c
287672
_d
287672